Cricket Years Quiz - Statistics

General Stats
  • This quiz has been taken 109 times
  • The average score is 10 of 16
Answer Stats
event year % Correct
The first Cricket World Cup, hosted by England, is won by West Indies 1975
82%
India wins the first ICC World Twenty20 tournament 2007
81%
Brian Lara becomes the first (and so far only) batsman to score 400 in a test innings 2004
78%
Sachin Tendulkar hits a record 15,921st run in his record, final, 200th, test 2013
78%
The first Twenty20 International: NZ v Australia at Auckland 2005
75%
Muttiah Muralitharan reaches a world-record 800 test wickets 2010
75%
Don Bradman's final innings, scoring 0, leaving his career average at a record 99.94 1948
74%
The first One Day International: Australia vs England at Melbourne 1971
66%
England reclaims the Ashes after using intimidatory Bodyline bowling 1933
60%
Jim Laker takes 19 wickets in a test match, still a first-class, and test, record 1956
60%
Australia beats England by 7 runs, giving birth to the Ashes, cricket's most famous trophy 1882
59%
The highest first class partnership of 624 runs is set in a test match by Sri Lanka 2006
59%
The first Test match: Australia vs England at Melbourne 1877
58%
The first tied Test, when Joe Solomon throws down a single stump to run out Ian Meckiff 1960
39%
Victoria scores a still-record innings of 1107 against NSW 1926
17%
The wickets become an inch higher and an inch wider, to today's size of 31" x 9" 1931
8%
No matching quizzes found
Score Distribution
Percent of People with Each Score
Percentile by Number Answered
Your Score History
You have not taken this quiz